| 000 | 00404nam a2200181Ia 4500 | ||
|---|---|---|---|
| 001 | 7776 | ||
| 005 | 20260306160520.0 | ||
| 008 | 260306t1986||||xx |||||||||||||| ||spa|| | ||
| 041 | _aESP | ||
| 082 |
_a362.1 _bB24 |
||
| 100 |
_aBarna, Roberto, _eAUT |
||
| 245 | 0 | _aSalud familiar | |
| 260 | _c1986 | ||
| 300 |
_a236 páginas : _c23 cm. |
||
| 650 | _aGEN | ||
| 654 | _aCAN | ||
| 942 |
_cLIB _dJUS _fJUS _2ddc _n |
||
| 999 |
_c7776 _d7776 |
||